Statistics for Nonsensical Country Name Sum

Click here to take the quiz!

General Stats

  • This quiz has been taken 19 times
  • The average score is 29 of 57

Answer Stats

HintAnswer% Correct
Capital, hint: all roads lead thereRome
94%
Country, hint: OttomanTurkey
94%
Continent, hint: most populousAsia
88%
Country, hint: land of ice and fireIceland
88%
Country, hint: CowsIndia
88%
Island, hint: Saint Kitts and…Nevis
88%
Country, hint: OOman
88%
Country, hint: latitude 0Ecuador
81%
Country, hint: there a French oneGuyana
81%
Country, hint: UrduPakistan
81%
Country, hint: IncaPeru
81%
Country, hint: doesn’t like AzerbaijanArmenia
75%
Country, hint: first Nazi invasionAustria
75%
Country or Lake, hint: SaharaChad
75%
Country, hint: smallest in the MediterraneanMalta
75%
Country, hint: Cyrillic alphabetRussia
75%
Lake, hint: largest in AfricaVictoria
75%
Country, hint: major African GulfGuinea
69%
Country, hint: similar name to TogoTonga
69%
Turkmenistan
69%
Australia
63%
Country, hint: largest magnetic anomaly in AfricaCAR
63%
Indonesia
63%
City, hint: most populous in AfricaLagos
63%
Romania
63%
Canal, hint: Mediterranean and RedSuez
63%
Country, hint: smallest Spanish speaking South AmericaUruguay
63%
Equatorial Guinea
56%
City, hint: UN International CourtHague
56%
Country, hint: Ancient African EmpireMali
56%
Country, hint: 80% in the SaharaNiger
56%
Paraguay
56%
Sea, hint: ThraceAegean
50%
Island, hint: NZ ProtectorateNiue
50%
Country, hint: Mussolini; own spellingItalia
44%
Capital, hint: Indian ocean atollsMale
44%
New Guinea
44%
Maldives
38%
Capital, hint: central AfricaBangui
31%
Belarus
31%
Malaysia
31%
Somalia
31%
River, hint: longest in PortugalTejo
31%
Country, hint: The HangoverThailand
31%
Country, hint: DwayneSamoa
25%
Nicaragua
19%
Swaziland
19%
Country, hint: Hittite EmpireSyria
19%
Taiwan
19%
Khartoum
13%
Sri Lanka
13%
Bagdad
6%
Island, hint: Land of the GodsBali
6%
City-state, hint: Patuá dialectMacau
6%
Mogadishu
6%
City, hint: Kings ParkPerth
6%
Pretoria
6%

Score Distribution

Percentile by Number Answered

Percent of People with Each Score

Your Score History

You have not taken this quiz